000
00248nam a2200109Ia 4500
008
220623s9999 xx 000 0 und d
020
_a
978037354045
082
_a
EF JENS
100
_a
JENSEN,M
_9
143750
245
0
_a
LOVEAND LAVENDER
942
_c
BK
_w
561
_x
John Tresidder
_y
561
_z
John Tresidder
999
_c
677134
_d
677133